Normal view
MARC view
Entry Personal Name
001 - CONTROL NUMBER
- control field: 50023
003 - CONTROL NUMBER IDENTIFIER
- control field: OSt
005 - DATE AND TIME OF LATEST TRANSACTION
- control field: 20250115163921.0
008 - FIXED-LENGTH DATA ELEMENTS
- fixed length control field: 250115|| aca||aabn | a|a d
040 ## - CATALOGING SOURCE
- Original cataloging agency: OSt
- Transcribing agency: OSt
100 ## - HEADING--PERSONAL NAME
- Personal name: Trivedi, P.K., Ali, M. and Satpal
670 ## - SOURCE DATA FOUND
- Source citation: Work cat.: (OSt)525291: Trivedi, P.K., Ali, M. and Satpal, Farmer producer organisations in north India: Potentials and challenges
